000 00440nam a2200181Ia 4500
003 OSt
005 20260331123853.0
008 250729s2008 xx 000 0 und d
040 _cAL
041 _aeng
082 _a002.1 MICM
100 _aMicro Soft
_9230735
245 _aMicro soft ms-dos users guide and refernce
260 _aMangalore
_bCZ
_c2008
300 _a668p
650 _aComputer Education
_9230736
942 _2ddc
_cBED
999 _c238930
_d238930